000 01032aam a2200325 i 4500
001 vtls000862701
003 PNM
005 20230820104942.0
008 181004s2018 my e 000 j may
015 _aM18-12689
020 _a9789671515112
_qpaperback
039 9 _a201903211036
_bhishamuddin
_c201901041136
_ddayang
_c201810181007
_dmaznah_m
_c201810150943
_dmaznah_m
040 _aBNM
_beng
_cBNM
_erda
_dPPAK
049 _amal
082 0 4 _223
_a899.233010803
090 0 0 _a899.233010803
_bJUS
_dKWS
100 0 _aJusnizan Ramli,
_d1973-
_eauthor.
245 1 0 _aAntologi Cerpen :
_bHikayat Orang Berbangsa /
_cJusnizan Bin Ramli
264 1 _aSeri Manjung, Perak :
_bGembala Angin Enterprise,
_c[2018?]
300 _av, 170 pages;
_c21 cm
336 _atext
_2rdacontent
337 _aunmediated
_2rdamedia
338 _avolume
_2rdacarrier
650 1 0 _aShort stories, Malay
650 2 0 _aMalay fiction
942 _2ddc
_cB
949 _62000663028
949 _62000663032
949 _62000663029
999 _c192807
_d192807